[Event "3rd Gujarat GM Open 2022"]
[Site "Ahmedabad"]
[Date "2022.04.06"]
[Round "9.7"]
[White "Delgado Ramirez, Neuris"]
[Black "Ritviz, Parab"]
[Result "1-0"]
[WhiteElo "2615"]
[BlackElo "2349"]
[Annotator "TA"]
[PlyCount "83"]
[EventDate "2022.03.31"]
[EventType "swiss"]
[EventCountry "IND"]
[SourceTitle "playchess.com"]
[Source "ChessBase"]
[SourceQuality "1"]
[TimeControl "5400+30"]

{[%evp 44,83,170,167,157,156,138,47,79,77,74,76,54,64,63,76,79,82,190,193,183,195,227,227,222,100,124,120,201,109,213,208,173,164,362,256,446,446,733,739,1521,1520]} 1. e4 {[%emt 0:09:10]} e5 {[%emt 0:00:27]} 2. Nf3 {[%emt 0:00:06]} Nc6 {[%emt 0:00:06]} 3. Bb5 {[%emt 0:00:06]} a6 {[%emt 0:00:06]} 4. Ba4 {[%emt 0:00:04]} Nf6 {[%emt 0:00:08]} 5. O-O {[%emt 0:00:08]} Be7 {[%emt 0:00:06]} 6. Re1 {[%emt 0:00:08]} b5 {[%emt 0:00:06]} 7. Bb3 {[%emt 0:00:07]} d6 {[%emt 0:00:07]} 8. c3 {[%emt 0:00:09]} O-O {[%emt 0:00:07]} 9. h3 {[%emt 0:00:06]} Na5 {[%emt 0:00:26]} 10. Bc2 {[%emt 0:00:06]} c5 {[%emt 0:00:05]} 11. d4 {[%emt 0:00:07]} Qc7 {[%emt 0:00:06]} 12. Nbd2 {[%emt 0:00:08]} cxd4 {[%emt 0:01:06]} 13. cxd4 {[%emt 0:00:08]} Nc6 {[%emt 0:00:07]} 14. a3 {[%emt 0:03:08]} exd4 {[%emt 0:17:25]} 15. Nb3 {[%emt 0:00:16]} d5 {[%emt 0:17:56]} 16. e5 {[%emt 0:05:25]} Ne4 {[%emt 0:02:58]} 17. Bf4 {[%emt 0:01:40]} Bb7 {[%emt 0:20:08]} 18. Rc1 {[%emt 0:02:49]} Qb6 {[%emt 0:05:12]} 19. Nfxd4 {[%emt 0:01:42]} Rfd8 {[%emt 0:10:45]} 20. Be3 {[%emt 0:09:35]} Nxe5 {[%emt 0:01:26]} 21. Nf5 {[%emt 0:00:17]} Qf6 {[%emt 0:01:36]} 22. Nxe7+ {[%emt 0:00:24]} Qxe7 {[%emt 0:00:04]} 23. f3 {[%emt 0:00:18]} Ng5 {[%emt 0:02:09]} 24. Nd4 $1 {[%emt 0:09:20]} Ne6 {[%emt 0:03:52]} 25. Bf2 {[%emt 0:02:49]} ({Better is} 25. Nxe6 $1 $16 fxe6 26. Bb6) 25... Nc6 {[%emt 0:02:21]} 26. Qd3 {[%emt 0:07:28]} g6 {[%emt 0:00:23]} 27. Nxe6 $1 {[%emt 0:02:57]} fxe6 {[%emt 0:00:03]} 28. b4 {[%emt 0:01:37]} Qf6 {[%emt 0:06:32]} 29. Bb3 {[%emt 0:01:22]} Rac8 {[%emt 0:00:04]} 30. Qe3 {[%emt 0:02:10]} e5 {[%emt 0:05:41]} (30... Re8 $16 {keeps fighting.}) 31. Qb6 $18 {[%emt 0:01:58]} Qf7 {[%emt 0:00:50]} 32. Rc5 {[%emt 0:07:58]} Nd4 {[%emt 0:03:19]} 33. Bxd4 {[%emt 0:00:44]} exd4 {[%emt 0:00:02]} 34. Rxc8 {[%emt 0:00:08]} (34. Re5 $1 $18) 34... Rxc8 $16 {[%emt 0:00:03]} 35. Qxd4 {[%emt 0:00:23]} Rc7 {[%emt 0:00:56] [#]} (35... Re8 $16 36. Rxe8+ Qxe8) 36. f4 {[%emt 0:01:46]} (36. Re5 $1 $18 {[%cal Re5d5]} Rd7 37. h4) 36... Rd7 {[%emt 0:00:38] [#]} (36... Re7 $16 {might work better.} 37. Rxe7 Qxe7) 37. Re5 $1 $18 {[%emt 0:00:16]} Rd6 {[%emt 0:00:46]} 38. Kh2 {[%emt 0:01:43]} Rd7 $2 {[%emt 0:00:39]} (38... Kf8 39. Kg1 Qd7) 39. f5 {[%emt 0:02:46]} gxf5 $2 {[%emt 0:00:21]} (39... Rd6 40. Qe3 Bc6) 40. Bc2 $18 {[%emt 0:01:28]} Qg7 {[%emt 0:00:43]} (40... Rd6 $142 41. Qe3 (41. Rxf5 Qc7 $18) 41... Kf8) 41. Qf4 $18 {[%emt 0:00:59]} d4 {[%emt 0:00:19]} 42. Bb3+ {[%emt 0:00:08]} 1-0

[Event "3rd Gujarat GM Open 2022"]
[Site "Ahmedabad"]
[Date "2022.04.06"]
[Round "9.8"]
[White "Sai Agni Jeevitesh, J."]
[Black "Savchenko, Boris"]
[Result "0-1"]
[WhiteElo "2316"]
[BlackElo "2535"]
[Annotator "TA"]
[PlyCount "66"]
[EventDate "2022.03.31"]
[EventType "swiss"]
[EventCountry "IND"]
[SourceTitle "playchess.com"]
[Source "ChessBase"]
[SourceQuality "1"]
[TimeControl "5400+30"]

{[%evp 33,66,0,-8,-19,-33,-38,0,-59,-49,-35,-49,-35,-33,-35,0,0,44,-77,-66,-67,-56,-265,-265,-552,-522,-717,-705,-29979,-29980,-29981,-29982,-29981,-29982,-29979,-4822]} 1. d4 {[%emt 0:03:54]} Nf6 {[%emt 0:00:07]} 2. c4 {[%emt 0:00:16]} g6 {[%emt 0:00:07]} 3. Nc3 {[%emt 0:00:07]} d5 {[%emt 0:00:07]} 4. Nf3 {[%emt 0:00:07]} Bg7 {[%emt 0:00:07]} 5. Qb3 {[%emt 0:00:21]} dxc4 {[%emt 0:00:11]} 6. Qxc4 {[%emt 0:00:03]} Be6 {[%emt 0:00:16]} 7. Qd3 {[%emt 0:04:00]} O-O {[%emt 0:22:50]} 8. e4 {[%emt 0:00:14]} c5 {[%emt 0:00:13]} 9. d5 {[%emt 0:05:12]} Bg4 {[%emt 0:05:32]} 10. h3 {[%emt 0:07:55]} Bxf3 {[%emt 0:00:17]} 11. Qxf3 {[%emt 0:00:02]} Nbd7 {[%emt 0:00:13]} 12. Be2 {[%emt 0:00:40]} a6 {[%emt 0:01:28]} 13. a4 {[%emt 0:04:37]} Qa5 {[%emt 0:03:26]} 14. Ra3 {[%emt 0:00:36]} Ne8 {[%emt 0:01:55]} 15. h4 {[%emt 0:06:26]} h6 {[%emt 0:00:50]} 16. h5 {[%emt 0:04:38]} g5 {[%emt 0:00:35]} 17. Qh3 {[%emt 0:11:22]} Rd8 $1 {[%emt 0:00:15]} 18. f4 {[%emt 0:00:47]} gxf4 {[%emt 0:00:31]} 19. O-O {[%emt 0:03:19]} Kh8 {[%emt 0:02:03]} ({Don't do} 19... Bd4+ 20. Kh1 $14) 20. Rb3 {[%emt 0:09:31]} ({Better is} 20. Bxf4 $11 Qb4 21. Bc1) 20... c4 {[%emt 0:07:41]} ({Much weaker is} 20... Bd4+ 21. Kh1 c4 22. Rxb7 $14) 21. Rxb7 {[%emt 0:07:04]} Nc5 $1 {[%emt 0:02:00]} 22. Rxe7 {[%emt 0:03:16]} Nb3 {[%emt 0:01:43]} 23. Rxe8 $1 {[%emt 0:08:41]} Rdxe8 {[%emt 0:04:58]} 24. Bxf4 {[%emt 0:01:11]} Nd4 {[%emt 0:01:53]} 25. Bg4 {[%emt 0:03:25] [#]} (25. Qe3 $14 {keeps the upper hand.} Nxe2+ 26. Nxe2) 25... Qb6 $1 $17 {[%emt 0:03:03]} 26. Kh1 {[%emt 0:03:12]} Qxb2 {[%emt 0:01:00]} 27. d6 $2 {[%emt 0:04:51]} (27. Bd6 $1 $15) 27... Ne6 $19 {[%emt 0:03:14]} 28. Bxe6 $2 {[%emt 0:00:23]} (28. d7 {might work better.} Nxf4 29. dxe8=Q Nxh3 30. Nd1 Rxe8 31. Nxb2) 28... fxe6 $19 {[%emt 0:00:58]} ({Don't blunder} 28... Rxe6 $2 29. Rc1 $19) 29. d7 {[%emt 0:04:30]} Rd8 {[%emt 0:00:32]} 30. Rf3 {[%emt 0:02:36]} Rxf4 {[%emt 0:01:25]} 31. Qxe6 {[%emt 0:00:18]} Rxf3 {[%emt 0:00:29]} 32. gxf3 {[%emt 0:00:15]} Qc1+ {[%emt 0:00:06]} 33. Kg2 {[%emt 0:00:12]} Qd2+ {[%emt 0:00:06]} (33... Qg5+ $142 34. Kf1 Bxc3 35. Qe8+ Kg7 36. Qe6 Bd4 37. Qg6+ Qxg6 38. hxg6 c3 39. Ke2 Rxd7 40. Kd1 Be5+ 41. Kc1 Rd2 42. f4 Bxf4 43. Kb1 Rh2 44. a5 c2+ 45. Kb2 c1=Q+ 46. Kb3 Qc2+ 47. Kb4 Bd6#) 0-1

[Event "3rd Gujarat GM Open 2022"]
[Site "Ahmedabad"]
[Date "2022.04.06"]
[Round "9.9"]
[White "Neelash Saha"]
[Black "Liyanage, Ranindu Dilshan"]
[Result "1/2-1/2"]
[WhiteElo "2445"]
[BlackElo "2340"]
[Annotator "TA"]
[PlyCount "75"]
[EventDate "2022.03.31"]
[EventType "swiss"]
[EventCountry "IND"]
[SourceTitle "playchess.com"]
[Source "ChessBase"]
[SourceQuality "1"]
[TimeControl "5400+30"]

{[%evp 28,75,63,32,42,37,50,38,40,-17,2,0,0,0,0,0,0,0,0,0,0,0,0,0,0,0,2,0,0,0,0,0,0,0,0,-4,0,-10,0,0,0,0,0,0,0,0,0,0,0,0]} 1. d4 {[%emt 0:03:53]} d5 {[%emt 0:00:16]} 2. c4 {[%emt 0:00:15]} e6 {[%emt 0:00:07]} 3. Nf3 {[%emt 0:00:09]} Nf6 {[%emt 0:00:25]} 4. Nc3 {[%emt 0:00:03]} Bb4 {[%emt 0:00:16]} 5. cxd5 {[%emt 0:00:05]} exd5 {[%emt 0:00:06]} 6. Bg5 {[%emt 0:00:02]} h6 {[%emt 0:00:33]} 7. Bh4 {[%emt 0:00:04]} O-O {[%emt 0:00:20]} 8. e3 {[%emt 0:00:34]} Bf5 {[%emt 0:00:41]} 9. Be2 {[%emt 0:00:36]} c5 {[%emt 0:05:48]} 10. dxc5 {[%emt 0:00:55]} Bxc3+ {[%emt 0:01:52]} 11. bxc3 {[%emt 0:00:06]} Nbd7 {[%emt 0:00:15]} 12. Qd4 {[%emt 0:01:34]} Qc7 {[%emt 0:04:55]} 13. Nd2 {[%emt 0:01:20]} a5 {[%emt 0:16:31]} 14. c4 {[%emt 0:02:54]} dxc4 {[%emt 0:11:44]} 15. Nxc4 {[%emt 0:00:17]} (15. O-O {is more complex.} Rfd8 16. Nxc4 Nxc5 17. Bg3) 15... Qxc5 {[%emt 0:00:45]} 16. Qxc5 {[%emt 0:01:33]} Nxc5 {[%emt 0:01:13]} 17. Bxf6 {[%emt 0:03:12]} gxf6 {[%emt 0:00:06]} 18. f3 {[%emt 0:02:50]} (18. O-O $14) 18... Rfd8 {[%emt 0:02:42]} 19. Nb6 {[%emt 0:01:52]} Rab8 {[%emt 0:00:36]} 20. e4 {[%emt 0:01:36]} Be6 {[%emt 0:00:33]} 21. Kf2 {[%emt 0:00:27]} Nd3+ {[%emt 0:07:00]} 22. Bxd3 {[%emt 0:09:27]} Rxd3 {[%emt 0:00:11]} 23. Rhd1 {[%emt 0:00:01]} Rbd8 {[%emt 0:15:06]} 24. Nd5 {[%emt 0:00:14]} Rxd1 {[%emt 0:00:05]} 25. Rxd1 {[%emt 0:00:03]} Kf8 {[%emt 0:02:50]} 26. Ke3 {[%emt 0:01:19]} b5 {[%emt 0:00:28]} 27. Rd2 {[%emt 0:02:27]} f5 {[%emt 0:01:31]} 28. Kd4 {[%emt 0:03:43]} fxe4 {[%emt 0:01:57]} 29. fxe4 {[%emt 0:00:04]} Rc8 {[%emt 0:02:43]} 30. Ke5 {[%emt 0:01:32]} b4 {[%emt 0:04:02]} 31. Kf6 {[%emt 0:05:43]} Rb8 {[%emt 0:01:22]} 32. Rd4 {[%emt 0:09:06]} Bxd5 {[%emt 0:05:41]} 33. exd5 {[%emt 0:04:25]} a4 {[%emt 0:01:48]} 34. Rd2 {[%emt 0:00:47]} b3 {[%emt 0:00:41]} 35. axb3 $1 {[%emt 0:00:03]} axb3 {[%emt 0:00:08]} 36. Rb2 {[%emt 0:00:02]} Rb6+ {[%emt 0:00:28]} 37. Ke5 {[%emt 0:00:05]} Ke7 {[%emt 0:00:10]} 38. Ke4 {[%emt 0:46:12]} 1/2-1/2

[Event "3rd Gujarat GM Open 2022"]
[Site "Ahmedabad"]
[Date "2022.04.06"]
[Round "9.10"]
[White "Ayush Sharma"]
[Black "Vignesh N R"]
[Result "1/2-1/2"]
[WhiteElo "2302"]
[BlackElo "2444"]
[Annotator "TA"]
[PlyCount "102"]
[EventDate "2022.03.31"]
[EventType "swiss"]
[EventCountry "IND"]
[SourceTitle "playchess.com"]
[Source "ChessBase"]
[SourceQuality "1"]
[TimeControl "5400+30"]

{[%evp 64,102,294,231,231,231,425,228,189,113,115,0,0,0,0,0,0,0,0,0,0,0,0,0,0,0,0,0,0,0,0,0,0,0,0,0,0,0,0,0,0]} 1. e4 {[%emt 0:02:17]} e6 {[%emt 0:00:20]} 2. d4 {[%emt 0:00:43]} d5 {[%emt 0:00:02]} 3. Nd2 {[%emt 0:00:06]} c5 {[%emt 0:00:08]} 4. exd5 {[%emt 0:00:03]} Qxd5 {[%emt 0:00:06]} 5. Ngf3 {[%emt 0:00:06]} cxd4 {[%emt 0:00:05]} 6. Bc4 {[%emt 0:00:04]} Qd7 {[%emt 0:00:06]} 7. O-O {[%emt 0:00:05]} Nc6 {[%emt 0:00:03]} 8. Nb3 {[%emt 0:00:03]} a6 {[%emt 0:00:05]} 9. Nbxd4 {[%emt 0:00:13]} Nxd4 {[%emt 0:00:05]} 10. Qxd4 {[%emt 0:01:39]} Qxd4 {[%emt 0:00:31]} 11. Nxd4 {[%emt 0:00:11]} Bd7 {[%emt 0:00:03]} 12. Re1 {[%emt 0:01:49]} O-O-O {[%emt 0:12:03]} 13. Bf4 {[%emt 0:02:41]} Ne7 {[%emt 0:05:40]} 14. a4 {[%emt 0:02:51]} Ng6 {[%emt 0:01:10]} 15. Bg3 {[%emt 0:00:08]} Bc5 {[%emt 0:00:17]} 16. Nf3 {[%emt 0:03:19]} h5 {[%emt 0:07:25]} 17. h4 {[%emt 0:00:29]} Ne7 {[%emt 0:05:13]} 18. Ng5 {[%emt 0:05:04]} Nf5 {[%emt 0:00:48]} 19. Re5 {[%emt 0:00:55]} Bb6 {[%emt 0:25:49]} 20. Rxf5 {[%emt 0:00:28]} exf5 {[%emt 0:00:04]} 21. Nxf7 {[%emt 0:00:10]} Bc7 {[%emt 0:00:29]} 22. Nxh8 {[%emt 0:01:54]} Rxh8 {[%emt 0:02:24]} 23. Bxc7 {[%emt 0:01:26]} Kxc7 {[%emt 0:00:01]} 24. a5 {[%emt 0:04:09]} Re8 {[%emt 0:00:11]} 25. Bd3 {[%emt 0:06:12]} f4 {[%emt 0:00:46]} 26. f3 {[%emt 0:02:49]} Re5 {[%emt 0:00:40]} 27. Kf2 {[%emt 0:00:01]} Bf5 {[%emt 0:01:58]} 28. b4 {[%emt 0:04:52]} Bxd3 {[%emt 0:03:29]} 29. cxd3 {[%emt 0:00:01]} Kd6 {[%emt 0:04:46]} 30. Re1 {[%emt 0:08:47]} Rd5 {[%emt 0:04:53]} 31. Re4 {[%emt 0:00:22]} Rxd3 {[%emt 0:00:07]} 32. Rxf4 {[%emt 0:00:01]} Ke6 {[%emt 0:01:02]} 33. g4 {[%emt 0:03:31]} hxg4 {[%emt 0:01:22]} 34. Rxg4 {[%emt 0:00:01]} ({Resist} 34. fxg4 $6 b5 35. h5 (35. axb6 Rd6 $16) 35... Rd7) 34... Rd7 $2 {[%emt 0:10:31]} (34... Kf7 {was worth a try.} 35. Rc4 Rd7) 35. Kg3 {[%emt 0:01:51]} (35. h5 $142 Ke5 36. Kg3) 35... Kf7 $18 {[%emt 0:00:19] [#]} 36. Rc4 {[%emt 0:03:41]} (36. Rg5 $1 $18) 36... Kg6 $16 {[%emt 0:00:07] [#]} 37. Kg4 {[%emt 0:09:10]} (37. Kf2 $1 $16) 37... Rd5 $1 $11 {[%emt 0:00:17]} 38. f4 {[%emt 0:00:33]} Rb5 $1 {[%emt 0:00:09]} 39. Rd4 {[%emt 0:00:01]} Kh7 $1 {[%emt 0:01:22]} 40. f5 {[%emt 0:03:20]} b6 {[%emt 0:00:01]} 41. axb6 {[%emt 0:01:06]} Rxb6 {[%emt 0:00:04]} 42. Kg5 {[%emt 0:02:18]} Rb5 {[%emt 0:03:01]} 43. h5 {[%emt 0:04:25]} a5 {[%emt 0:00:01]} 44. bxa5 {[%emt 0:01:41]} Rxa5 {[%emt 0:00:01]} 45. Rd7 {[%emt 0:03:41]} Ra6 {[%emt 0:01:02]} 46. Re7 {[%emt 0:02:27]} Rb6 {[%emt 0:00:29]} 47. Re6 {[%emt 0:00:24]} Rb1 {[%emt 0:00:18]} 48. h6 {[%emt 0:00:20]} Rg1+ {[%emt 0:00:32]} 49. Kf4 {[%emt 0:00:22]} Rf1+ {[%emt 0:00:30]} 50. Ke5 {[%emt 0:00:03]} Re1+ {[%emt 0:00:02]} 51. Kd6 {[%emt 0:00:22]} Rf1 {[%emt 0:00:10]} 1/2-1/2

[Event "3rd Gujarat GM Open 2022"]
[Site "Ahmedabad"]
[Date "2022.04.06"]
[Round "9.11"]
[White "Nitin, S.."]
[Black "Wagh Suyog"]
[Result "1-0"]
[WhiteElo "2427"]
[BlackElo "2232"]
[Annotator "TA"]
[PlyCount "114"]
[EventDate "2022.03.31"]
[EventType "swiss"]
[EventCountry "IND"]
[SourceTitle "playchess.com"]
[Source "ChessBase"]
[SourceQuality "1"]
[TimeControl "5400+30"]

{[%evp 65,114,68,50,0,48,50,183,110,255,252,371,58,429,414,471,426,432,463,472,470,464,453,482,481,478,479,641,637,600,585,1156,1095,1588,1380,1236,1214,1090,841,842,739,1064,1028,29968,29971,29970,29971,29965,29969,29965,29970,29980]} 1. Nf3 {[%emt 1:31:00]} d5 {[%emt 1:31:00]} 2. g3 {[%emt 0:00:30]} g6 {[%emt 0:00:30]} 3. Bg2 {[%emt 0:00:30]} Bg7 {[%emt 0:00:30]} 4. O-O {[%emt 0:00:30]} e5 {[%emt 0:00:30]} 5. d3 {[%emt 0:00:30]} Ne7 {[%emt 0:00:30]} 6. e4 {[%emt 0:00:30]} O-O {[%emt 0:00:30]} 7. Nbd2 {[%emt 0:00:30]} c5 {[%emt 0:00:30]} 8. exd5 {[%emt 0:00:30]} Nxd5 {[%emt 0:00:30]} 9. Nb3 {[%emt 0:00:30]} Qc7 {[%emt 0:00:30]} 10. Bd2 {[%emt 0:00:30]} Rd8 {[%emt 0:00:30]} 11. Qc1 {[%emt 0:00:30]} a5 {[%emt 0:00:30]} 12. Bh6 {[%emt 0:00:30]} a4 {[%emt 0:00:30]} 13. Bxg7 {[%emt 0:00:30]} Kxg7 {[%emt 0:00:30]} 14. Nbd2 {[%emt 0:00:30]} Nc6 {[%emt 0:00:30]} 15. Re1 {[%emt 0:00:30]} f6 {[%emt 0:00:30]} 16. a3 {[%emt 0:00:30]} Be6 {[%emt 0:00:30]} 17. Ne4 {[%emt 0:00:30]} b6 {[%emt 0:00:30]} 18. h4 {[%emt 0:00:30]} Nd4 {[%emt 0:00:30]} 19. Nfd2 {[%emt 0:00:30]} h6 {[%emt 0:00:30]} 20. c3 {[%emt 0:00:30]} Nf5 {[%emt 0:00:30]} 21. Nf3 {[%emt 0:00:30]} Qf7 {[%emt 0:00:30]} 22. Nh2 {[%emt 0:00:30]} Ra7 {[%emt 0:00:30]} 23. Ng4 {[%emt 0:00:30]} h5 {[%emt 0:00:30]} 24. Nexf6 {[%emt 0:00:30]} hxg4 {[%emt 0:00:30]} 25. Nxg4 {[%emt 0:00:30]} Rh8 {[%emt 0:00:30]} 26. Nxe5 {[%emt 0:00:30]} Qf6 {[%emt 0:00:30]} 27. Ng4 {[%emt 0:00:30]} Qf7 {[%emt 0:00:30]} 28. c4 {[%emt 0:00:30]} Nf6 29. Ne5 Qg8 30. h5 Nxh5 {[%emt 0:01:30]} 31. Qg5 {[%emt 0:01:30]} Bf7 {[%emt 0:00:30]} 32. g4 {[%emt 0:00:30]} Nd4 {[%emt 0:00:30]} 33. gxh5 {[%emt 0:00:30]} Rxh5 {[%emt 0:00:30]} 34. Qg4 {[%emt 0:00:30]} (34. Qg3 $1 $14) 34... Re7 {[%emt 0:00:30]} (34... Nc2 $11 35. Nc6 Ra8) 35. Nf3 $1 $14 {[%emt 0:00:30]} Ne6 {[%emt 0:00:30]} (35... Nxf3+ $14 36. Qxf3 Qd8) 36. d4 {[%emt 0:00:30]} (36. Re3 $18) 36... cxd4 {[%emt 0:00:30]} (36... Qe8 $16) 37. Nxd4 $18 {[%emt 0:00:30]} Qe8 {[%emt 0:00:30]} (37... Re8 $142 38. Nf3 Qh8) 38. Re3 $2 {[%emt 0:00:30]} (38. Bc6 $1 $18 {[%cal Rc6e8]} Qb8 39. Rxe6 (39. Nxe6+ Rxe6 40. Rxe6 Qh2+ 41. Kf1 Rh4 $16) 39... Bxe6 40. Nxe6+ Kh6 41. Re1 (41. Nf4 $2 Rg5 $19)) 38... Nc5 $2 {[%emt 0:00:30][%mdl 8192] [#]} (38... Qd7 $14 39. Rd1 Nxd4 40. Qxd4+ (40. Rxd4 Qxg4 41. Rxg4 Rhe5 $14) 40... Qxd4 41. Rxd4 Rxe3 42. fxe3 Rc5) 39. Rxe7 $1 $18 {[%emt 0:00:30]} Qxe7 {[%emt 0:00:30] [#]} 40. Qxh5 $1 {[%emt 0:00:30]} gxh5 {[%emt 0:00:30]} 41. Nf5+ Kf6 {[%emt 0:00:30]} 42. Nxe7 {[%emt 0:01:00]} Kxe7 {[%emt 0:00:30]} 43. Bd5 {[%emt 0:00:30]} Bg6 {[%emt 0:00:30]} 44. Re1+ {[%emt 0:00:30]} Kd6 {[%emt 0:00:30]} 45. f4 {[%emt 0:00:30]} Bd3 {[%emt 0:00:30]} 46. Re5 {[%emt 0:00:30]} h4 {[%emt 0:00:30]} 47. Rh5 {[%emt 0:00:30]} b5 {[%emt 0:00:30]} 48. Rh6+ {[%emt 0:00:30]} Ke7 49. cxb5 {[%emt 0:00:30]} Bxb5 {[%emt 0:01:00]} 50. f5 {[%emt 0:00:30]} Nd7 {[%emt 0:00:30]} 51. Rxh4 {[%emt 0:00:30]} Kf6 {[%emt 0:00:30]} 52. Rb4 {[%emt 0:00:30]} Be2 {[%emt 0:00:30]} 53. Rxa4 {[%emt 0:00:30]} Kxf5 {[%emt 0:00:30]} 54. Be6+ {[%emt 0:00:30]} Kxe6 {[%emt 0:00:30]} 55. Re4+ {[%emt 0:00:30]} Kd5 {[%emt 0:00:30]} 56. Rxe2 {[%emt 0:00:30]} Kc4 57. Re3 {[%emt 0:00:30]} Kd5 {[%emt 0:01:00]} 1-0

[Event "3rd Gujarat GM Open 2022"]
[Site "Ahmedabad"]
[Date "2022.04.06"]
[Round "9.12"]
[White "Kaustuv, Kundu"]
[Black "Sammed Jaykumar, Shete"]
[Result "0-1"]
[WhiteElo "2308"]
[BlackElo "2408"]
[Annotator "TA"]
[PlyCount "84"]
[EventDate "2022.03.31"]
[EventType "swiss"]
[EventCountry "IND"]
[SourceTitle "playchess.com"]
[Source "ChessBase"]
[SourceQuality "1"]
[TimeControl "5400+30"]

{[%evp 45,84,18,22,0,0,-24,-19,-5,0,-87,-97,-116,-101,-92,-97,-125,-141,-133,-141,-167,-170,-199,-193,-178,-172,-217,-217,-202,-193,-266,-262,-252,-241,-254,-261,-251,-237,-258,-264,-397,-378]} 1. c4 {[%emt 1:31:00]} e5 {[%emt 1:31:00]} 2. Nc3 {[%emt 0:00:30]} Nf6 {[%emt 0:00:30]} 3. Nf3 {[%emt 0:00:30]} Nc6 {[%emt 0:00:30]} 4. e4 {[%emt 0:00:30]} Bb4 {[%emt 0:00:30]} 5. d3 {[%emt 0:00:30]} d6 {[%emt 0:00:30]} 6. a3 {[%emt 0:00:30]} Bc5 {[%emt 0:00:30]} 7. b4 {[%emt 0:00:30]} Bb6 {[%emt 0:00:30]} 8. Na4 {[%emt 0:00:30]} Bd4 {[%emt 0:00:30]} 9. Rb1 {[%emt 0:00:30]} Bg4 {[%emt 0:00:30]} 10. Be2 {[%emt 0:00:30]} Bxf3 {[%emt 0:00:30]} 11. Bxf3 {[%emt 0:00:30]} Qe7 {[%emt 0:00:30]} 12. Bd2 {[%emt 0:00:30]} Nd8 {[%emt 0:00:30]} 13. Nc3 {[%emt 0:00:30]} c6 {[%emt 0:00:30]} 14. Ne2 {[%emt 0:00:30]} Bb6 {[%emt 0:00:30]} 15. Be3 {[%emt 0:00:30]} Bxe3 {[%emt 0:00:30]} 16. fxe3 {[%emt 0:00:30]} Ne6 {[%emt 0:00:30]} 17. Nc3 {[%emt 0:00:30]} O-O {[%emt 0:00:30]} 18. O-O {[%emt 0:00:30]} g6 {[%emt 0:00:30]} 19. Rb2 {[%emt 0:00:30]} Kg7 {[%emt 0:00:30]} 20. Rbf2 {[%emt 0:00:30]} Ng8 {[%emt 0:00:30]} 21. d4 {[%emt 0:00:30]} Nc7 {[%emt 0:00:30]} 22. Bg4 {[%emt 0:00:30]} Rad8 {[%emt 0:00:30]} 23. d5 {[%emt 0:00:30]} Qg5 {[%emt 0:00:30]} 24. Qf3 {[%emt 0:00:30]} cxd5 {[%emt 0:00:30]} 25. cxd5 {[%emt 0:00:30]} h5 {[%emt 0:00:30]} 26. Bh3 {[%emt 0:00:30]} Nh6 {[%emt 0:00:30]} 27. Qf6+ {[%emt 0:00:30]} (27. Nd1 $11) 27... Qxf6 $17 {[%emt 0:00:30]} 28. Rxf6 {[%emt 0:00:30]} Ng4 {[%emt 0:00:30]} ({Worse is} 28... Nf5 29. R6xf5 gxf5 30. Bxf5 $15) 29. Bxg4 {[%emt 0:00:30]} hxg4 {[%emt 0:00:30]} 30. h3 {[%emt 0:00:30]} Ne8 {[%emt 0:00:30]} 31. R6f2 {[%emt 0:00:30]} Rc8 {[%emt 0:00:30]} 32. Rc1 {[%emt 0:00:30]} gxh3 {[%emt 0:00:30]} 33. gxh3 {[%emt 0:00:30]} a6 {[%emt 0:00:30]} 34. Rfc2 {[%emt 0:00:30] [#]} Rc4 $1 {[%emt 0:00:30]} 35. Kg2 {[%emt 0:00:30]} Nf6 {[%emt 0:00:30]} 36. Nd1 {[%emt 0:00:30]} Rxe4 {[%emt 0:00:30]} 37. Kf3 {[%emt 0:00:30]} (37. Rd2 $142) 37... Rh4 $19 {[%emt 0:00:30]} 38. Nf2 {[%emt 0:00:30]} e4+ {[%emt 0:00:30]} 39. Ke2 {[%emt 0:00:30]} Nxd5 {[%emt 0:00:30]} 40. Rd2 {[%emt 0:00:30] [#]} Rh5 $1 {[%emt 0:00:30]} 41. Nxe4 {[%emt 0:00:30]} Re8 {[%emt 0:00:30]} 42. Rc4 {[%emt 0:00:30]} (42. Rd4 $142) 42... Nxe3 {[%emt 0:00:30]} 0-1